Formula 1 Driver numbers - Statistics

General Stats
  • This quiz has been taken 624 times
  • The average score is 19 of 20
Answer Stats
Hint Answer % Correct
Daniel Ricciardo 3
100%
Lando Norris 4
100%
Sebastian Vettel 5
100%
Charles Leclerc 16
99%
Max Verstappen 33
99%
Lewis Hamilton 44
99%
Carlos Sainz Jr. 55
99%
Nicholas Latifi 6
99%
Kimi Raikkönen 7
98%
Pierre Gasly 10
97%
Sergio Perez 11
97%
Valtteri Bottas 77
97%
Fernando Alonso 14
96%
George Russell 63
96%
Lance Stroll 18
94%
Nikita Mazepin 9
94%
Yuki Tsunoda 22
93%
Esteban Ocon 31
92%
Antonio Giovinazzi 99
91%
Mick Schumacher 47
84%
No matching quizzes found
Score Distribution
Percent of People with Each Score
Percentile by Number Answered
Your Score History
You have not taken this quiz